000 01029npm a2200241 i 4500
001 5074
003 ES-MaACL
005 20250814001601.0
007 hzrazu bucu
008 890404r19891930sp b 00010 spa d
080 _a614(061.21)
100 1 _aGonzález Barrios, Nieves.
_958449
245 1 0 _aOrganizacion y reglamentacion del Cuerpo e Institucion de Enfermeras visitadoras y accion cultural de las mismas
_b: [Microforma] /
_cpor Nieves Gonzalez Barrios.
260 _aMadrid :
_bAteneo Cientifico, Literario y Artistico,
_c1989.
300 _a20 fotogramas en 1 microficha :
_bnegativo.
490 1 _aMemorias premiadas de la Sociedad Española de Higiene. Legado Roel ;
_v39
500 _aPublicado originalmente: Madrid, Sociedad Española de Higiene, 1930.
810 2 _aSociedad Española de Higiene-
_kMemorias premiadas
_96727
830 0 0 _aLegado Roel: Colección de memorias premiadas
_v39
_9183286
852 _aES-MaACL
_jMCF-3
_95191
942 _2udc
_cMICROFORMA
999 _c5074
_d5074